The noble scholar, jurist, historian


 His Excellency Dr. Abdul Wahhab bin Ibrahim Abu Sulaiman, may Allah have mercy on him.


 He was born in Umm Al-Qura in the year 1356 AH.

تقويم أصول الفقه وتحديد أدلة الشرع / (Record no. 10291)

MARC details
000 -LEADER
fixed length control field 02426cam a2200337 ia4500
003 - CONTROL NUMBER IDENTIFIER
control field SA-RiAUC
005 - DATE AND TIME OF LATEST TRANSACTION
control field 20250725142109.0
008 - FIXED-LENGTH DATA ELEMENTS--GENERAL INFORMATION
fixed length control field 250725s2009____su g 001 0 ara c
020 ## - INTERNATIONAL STANDARD BOOK NUMBER
International Standard Book Number 9789960017839 (مجموعة)
024 0# - OTHER STANDARD IDENTIFIER
Standard number or code 00000000293945
040 ## - CATALOGING SOURCE
Original cataloging agency SA-MaUQU
Language of cataloging ara
Transcribing agency SA-RiAUC
Description conventions rda
082 04 - DEWEY DECIMAL CLASSIFICATION NUMBER
Classification number 251.1
Assigning agency SA-RiAUC
090 ## - LOCALLY ASSIGNED LC-TYPE CALL NUMBER (OCLC); LOCAL CALL NUMBER (RLIN)
Classification number (OCLC) (R) ; Classification number, CALL (RLIN) (NR) 251.1
Local cutter number (OCLC) ; Book number/undivided call number, CALL (RLIN) ا ب و ز
100 1# - MAIN ENTRY--PERSONAL NAME
Personal name أبو زيد الدبوسي، عبد الله بن عمر بن عيسى،
Dates associated with a name توفي 430 هجري
Relator term مؤلف.
245 10 - TITLE STATEMENT
Title تقويم أصول الفقه وتحديد أدلة الشرع /
Statement of responsibility, etc. للإمام أبي زيد عبيد الله بن عمر الدبوسي الحنفي ؛ دراسة وتحقيق وتعليق الدكتور عبد الرحيم يعقوب.
250 ## - EDITION STATEMENT
Edition statement الطبعة الأولى.
264 #1 - PRODUCTION, PUBLICATION, DISTRIBUTION, MANUFACTURE, AND COPYRIGHT NOTICE
Place of production, publication, distribution, manufacture الرياض :
Name of producer, publisher, distributor, manufacturer مكتبة الرشد،
Date of production, publication, distribution, manufacture, or copyright notice 2009
300 ## - PHYSICAL DESCRIPTION
Extent 3 مجلد ؛
Dimensions 24 × 17 سم
336 ## - CONTENT TYPE
Content type term نص
Content type code txt
Source rdacontent
Materials specified كتاب
337 ## - MEDIA TYPE
Media type term بدون وسيط
Media type code n
Source rdamedia
338 ## - CARRIER TYPE
Carrier type term مجلد
Carrier type code nc
Source rdacarrier
500 ## - GENERAL NOTE
General note كشافات : مجلد 3، صفحة 591-708.
504 ## - BIBLIOGRAPHY, ETC. NOTE
Bibliography, etc. note ببليوجرافية : مجلد 3، صفحة 709-738.
505 0# - FORMATTED CONTENTS NOTE
Formatted contents note المحتويات : مجلد 1. القسم الأول : في حياة الإمام الدبوسي-الفصل الأول : في عصر الإمام الدبوسي-الفصل الثاني : في سيرة الإمام الدبوسي-الفصل الثالث : مكانة الإمام الدبوسي العلمية-القسم الثاني : دراسة كتاب تقويم أصول الفقه وتحديد أدلة الشرع ...-مجلد 2. باب القول في أقسام ما يترك به حقيقة اللفظ بلا معارضة-باب القول في أقسام الأحكام الثابتة بالظاهر دون القياس بالرأي ...مجلد 3. باب القول في بيان ما لا بد للقياس من معرفته-باب القول في بيان الشروط ... وموضوعات أخرى.
650 #7 - SUBJECT ADDED ENTRY--TOPICAL TERM
Topical term or geographic name entry element أصول الفقه الإسلامي
Source of heading or term aucsh
650 #7 - SUBJECT ADDED ENTRY--TOPICAL TERM
Topical term or geographic name entry element الأدلة الشرعية
Source of heading or term aucsh
700 12 - ADDED ENTRY--PERSONAL NAME
Relationship information تحقيق لـ (عمل) :
Personal name أبو زيد الدبوسي، عبد الله بن عمر بن عيسى،
Dates associated with a name توفي 430 هجري.
Title of a work تقويم الأدلة في أصول الفقه
700 1# - ADDED ENTRY--PERSONAL NAME
Personal name يعقوب، عبد الرحيم صالح
Relator term محقق.
942 ## - ADDED ENTRY ELEMENTS (KOHA)
Source of classification or shelving scheme Dewey Decimal Classification
Koha item type Books
Suppress in OPAC No
949 ## - LOCAL PROCESSING INFORMATION (OCLC)
a SA-JeALM
d 250725
u eid123
n 1
Holdings
Withdrawn status Lost status Source of classification or shelving scheme Materials specified (bound volume or other part) Damaged status Not for loan Home library Current library Date acquired Total checkouts Full call number Barcode Date last seen Price effective from Koha item type
    Dewey Decimal Classification المجلد الاول     DR AbdElwahab Library DR AbdElwahab Library 07/25/2025   251.1 ا ب و ز 000016726 07/25/2025 07/25/2025 Books
    Dewey Decimal Classification المجلد الثاني     DR AbdElwahab Library DR AbdElwahab Library 07/25/2025   251.1 ا ب و ز 000016727 07/25/2025 07/25/2025 Books
    Dewey Decimal Classification المجلد الثالث     DR AbdElwahab Library DR AbdElwahab Library 07/25/2025   251.1 ا ب و ز 000016728 07/25/2025 07/25/2025 Books